| 000 | 01212cad a22002415a 4500 | ||
|---|---|---|---|
| 001 | L144159 | ||
| 008 | 080625s2008 xxkd f s 000 0 eng d | ||
| 035 | _a(Sirsi) u144159 | ||
| 041 | 0 | _aeng | |
| 050 | 0 | 4 | _a333.337 $2 18 |
| 110 | 2 |
_aKing Sturge _93877 |
|
| 245 | 0 | 0 |
_aEuropean industrial property markets 2008 _h[electronic resource] |
| 260 |
_aLondon _bKing Sturge _c2008 |
||
| 490 | 0 |
_aKing Sturge European Industrial Property Markets _v2008 |
|
| 520 | _aReports that the supply of new modern warehouses has increased, and with it availability. Reports that the highest increase in rental values were in Oslo, Rome, Helsinki and Istanbul with rental growth of more than 15% in all four locations compared to Q1 2007. Finds rental growth slow and steady at an average of 1.33% across Europe. London Heathrow remains the most expensive logistics location in Europe. | ||
| 590 | _aKA | ||
| 650 | 2 | 4 | _aEUROPEAN INDUSTRIAL PROPERTY MARKETS |
| 651 | 4 | _aEurope | |
| 690 | _aPROPERTY-COMMERCIAL PROPERTY-COMMERCIAL PROPERTY MARKET | ||
| 690 | _aPROPERTY-INDUSTRIAL PROPERTY | ||
| 856 | 4 | 0 |
_uhttps://www.kingsturge.com _zView the item free of charge after registration at www.kingsturge.com... |
| 942 | _n0 | ||
| 999 |
_c108396 _d108396 |
||